000
00369nam a22001457a 4500
008
230406b |||||||| |||| 00| 0 eng d
020
_a
978-1-3985-1817-9
082
_a
813.54
100
_a
Colleen Hoover
245
_a
It starts with us
260
_b
Simon & Schuster,
_c
2022
300
_a
323 p.
_c
23.5 cm
942
_2
ddc
999
_c
9514
_d
9515